| 000 | 00449cam a2200169ua 4500 | ||
|---|---|---|---|
| 020 | _c7.50 | ||
| 041 |
_amal _h |
||
| 082 |
_a181.4 _bVIV/VI |
||
| 100 | _aSwami Vivekanandan, . | ||
| 245 |
_aVivekananda sahitya sarvasvam, Part 5: Kathukal / _cSwami Vivekanandan. _hTextual Documents |
||
| 260 |
_aThrissur : _bSree Ramakrishnasramam , _c1964. |
||
| 300 | _a734 ; . | ||
| 365 | _a7.50 | ||
| 504 | _a | ||
| 942 | _cBK | ||
| 999 |
_c4764 _d4764 |
||